Estadísticas para Top 10 Países más Poblados en América

Haz click aquí para tomar la prueba!

Estadísticas generales

  • Esta prueba ha sido tomada 1,150 veces
  • La puntuación promedio es 10 de 10

Estadísticas de respuestas

Población País % Correcto
129México
100%
207Brasil
100%
324Estados Unidos
100%
31Venezuela
99%
44Argentina
99%
49Colombia
99%
31Perú
98%
18Chile
98%
37Canadá
96%
17Ecuador
92%

Distribución de puntuación

Porcentaje por número respondido

Porcentaje de gente con cada puntuación

Historial de tus puntuaciones

No has tomado esta prueba